000 00322nam a22001337a 4500
008 181008b xxu||||| |||| 00| 0 eng d
020 _a84970
041 _aeng
080 _a101
100 _a24
101 _aFIL
245 _aNewton's Philosophy of Nature: Selections from his Writings
_cThayer, H.S
942 _2udc
_cBK
999 _c49056
_d49056